000 01021cam a22003137a 4500
001 4001
003 FISKH
005 20240529154327.0
008 111012s2010 nyua j 000 1 eng
010 _a 2011292574
020 _a9780545155236
040 _aDLC
_cDLC
_beng
050 0 0 _aPZ7.S1975
082 _a741.5
100 1 _aSander, Sonia.
245 1 0 _aCalling all cars! /
_cby Sonia Sander ; illustrated by Mada Design.
260 _aNew York :
_bScholastic,
_c2010.
300 _a31 pages :
_bcolor illustrations ;
_c23 cm
490 0 _aScholastic reader. Level 1
505 _aF
520 _aExplore the world of LEGO City! Sound the alarm! The bank is being robbed! Will the police solve the crime or will the bank robbers get away?
521 2 _a340
_bLexile
521 2 _aF
_bRaz-Plus
650 _aTransportation
_xCommunity Helpers
700 _aDesign, Mada
_eillustrator
906 _a7
_bcbc
_corignew
_d4
_encip
_f20
_gy-gencatlg
942 _2ddc
_cBK
_n0
999 _c4001
_d4001